00214nam a2200085Ia 450000500170000000800410001708200160005810000270007424500270010120251222143314.0251222s9999||||xx |||||||||||||| ||spa|| a808.803/M86 a"Morales, María Luz" 0aLa leyenda de Sigfrido